| 000 | 01075nam a2200301 a 4500 | ||
|---|---|---|---|
| 001 | 24986 | ||
| 003 | CO-ViMGA | ||
| 008 | 141112s2004 ck r 000 u spa d | ||
| 020 | _a9789587057485 | ||
| 040 |
_aCO-ViMGA _bspa _cCO-ViMGA |
||
| 041 | _aSPA | ||
| 082 | 0 | 4 | _a591.68 M34n |
| 100 | 1 |
_aMills, Andrea _937821 |
|
| 245 | 1 | 0 |
_aNosotros los animales / _cAndrea Mills ; ilustraciones Sarah Pownall ; traducción Luis Esteban Pérez Villanueva |
| 250 | _a1a ed. | ||
| 260 |
_aBogotá : _bS. M., _c2012 |
||
| 300 | _a79 p. : il. col. : il. | ||
| 500 | _aIncluye índice y referencias de internet. Subtítulo en carátula : Nos hablan las criaturas en peligro de extinción | ||
| 650 | 1 | 4 |
_aANIMALES - HABITOS Y CONDUCTA _937822 |
| 650 | 1 | 4 |
_aANIMALES ACUATICOS _937823 |
| 650 | 1 | 4 |
_aANIMALES DEL BOSQUE _955680 |
| 650 | 1 | 4 |
_aCONSERVACION DE LA VIDA SILVESTRE _937824 |
| 650 | 1 | 4 |
_aDESDE LOS 9 AÑOS _933 |
| 650 | 1 | 4 |
_aPROTECCION DE LOS ANIMALES _937825 |
| 700 | 1 |
_aPérez Villanueva, Luis Esteban _937826 |
|
| 700 | 1 |
_aPownall, Sarah _937827 |
|
| 942 |
_2ddc _cBK |
||
| 999 |
_c2482 _d2482 |
||